Norwich City Squad 2013–14 Premier League Season - Statistics

General Stats
  • This quiz has been taken 6 times
    5 since last reset
  • The average score is 24 of 27
Answer Stats
Answer % Correct
Alexander Tettey
100%
Bradley Johnson
100%
Chris Hughton
100%
Elliott Bennett
100%
Gary Hooper
100%
John Ruddy
100%
Jonny Howson
100%
Leroy Fer
100%
Martin Olsson
100%
Nathan Redmond
100%
Ricky van Wolfswinkel
100%
Russell Martin
100%
Ryan Bennett
100%
Sébastien Bassong
100%
Steven Whittaker
100%
Wes Hoolahan
100%
Jamar Loza
75%
Javier Garrido
75%
Johan Elmander
75%
Jonás Gutiérrez
75%
Josh Murphy
75%
Luciano Becchio
75%
Michael Turner
75%
Neil Adams
75%
Robert Snodgrass
75%
Anthony Pilkington
50%
Joseph Yobo
50%
No matching quizzes found
Score Distribution
Percent of People with Each Score
Percentile by Number Answered
Your Score History
You have not taken this quiz since the last reset